Statistics for Brett Young Charting Songs (Billboard Hot 100)

Click here to take the quiz!

General Stats

  • This quiz has been taken 15 times
    (8 since last reset)
  • The average score is 4 of 7

Answer Stats

AlbumWeeks OnPeakSong% Correct
Brett Young28 Weeks#19In Case You Didn't Know
80%
Brett Young20 Weeks#29Mercy
80%
Weekends Look a Little Different These Days19 Weeks#52Lady
80%
Ticket to L.A.17 Weeks#29Catch
60%
Ticket to L.A.20 Weeks#42Here Tonight
20%
Brett Young20 Weeks#46Like I Loved You
20%
Brett Young18 Weeks#47Sleep Without You
20%

Score Distribution

Percentile by Number Answered

Percent of People with Each Score

Your Score History

You have not taken this quiz since the last reset